| 000 | 00650nam a2200229 a 4500 | ||
|---|---|---|---|
| 001 | 43573 | ||
| 003 | BD-RjUL | ||
| 005 | 20211209053722.0 | ||
| 008 | 160625s1956 enk 000 0 eng | ||
| 035 | _a(BD-RjUL)43691 | ||
| 035 | _a(OCoLC)1914254 | ||
| 040 |
_aDLC _cNNU _dUk _dBD-RjUL _beng |
||
| 041 | _aeng | ||
| 082 |
_223 _a373 _bDEP 1956 |
||
| 100 | 1 |
_aDempster, J. J. B. _q(Jack James Bampfylde) _9133865 |
|
| 245 | 1 | 0 |
_aPurpose in the modern school / _cJ J B Dempster. |
| 260 |
_aLondon : _bMethuen, _c1956. |
||
| 300 |
_a119 p. ; _c19 cm. |
||
| 650 | 0 |
_aEducation _xAims and objectives. _9125546 |
|
| 942 |
_2ddc _cBK |
||
| 999 |
_c43573 _d43573 |
||